000 00373nam a2200157Ia 4500
005 20240628054932.0
008 240331s9999 xx 000 0 und d
020 _a0415098548
082 _a140
_bMOO
245 0 _aG.E.Moore selected writings
260 _aLondon
_bRoutledge
_c1993
300 _a218 p .,
650 _aPhilosophy
700 _aBaldwin, T.
_eedt
942 _cL
999 _c724
_d724